000 00350nam a22001337a 4500
005 20170628104732.0
008 170628b xxu||||| |||| 00| 0 eng d
022 _a0976-6359
245 _aInternational Journal of Mechanical Engineering & Technology
250 _aVolume -8 , Issue 1
260 _aChennai
_bIAEME
_c207
300 _a222
942 _cJRL
999 _c5484
_d5482